Library of the University of Algiers 3
Ibrahim Sultan Cheibout
شعار جامعة الجزائر 3
مكتبة جامعة الجزائر 3
إبراهيم سلطان شيبوط

تصميم وبرمجة تطبيقات قواعد البيانات بلغة VB.NET / (رقم التسجيلة. 45576)

تفاصيل مارك
000 -LEADER
fixed length control field 01342nam a2200241Ia 4500
003 - CONTROL NUMBER IDENTIFIER
control field Ost
005 - DATE AND TIME OF LATEST TRANSACTION
control field 20260507075650.0
008 - FIXED-LENGTH DATA ELEMENTS--GENERAL INFORMATION
fixed length control field 260507s9999||||xx |||||||||||||| ||und||
020 ## - INTERNATIONAL STANDARD BOOK NUMBER
International Standard Book Number ×346287977
040 ## - CATALOGING SOURCE
Transcribing agency fsecg
041 ## - LANGUAGE CODE
Language code of text/sound track or separate title ara
082 ## - DEWEY DECIMAL CLASSIFICATION NUMBER
Classification number 5.133
100 ## - MAIN ENTRY--PERSONAL NAME
Personal name الشافعى، شريف فتحى
Relator term مؤلف
245 #0 - TITLE STATEMENT
Title تصميم وبرمجة تطبيقات قواعد البيانات بلغة VB.NET /
Statement of responsibility, etc. شريف فتحى الشافعى
260 ## - PUBLICATION, DISTRIBUTION, ETC.
Place of publication, distribution, etc. القاهرة:
Name of publisher, distributor, etc. دار الكتب العلمية للنشر والتوزيع,
Date of publication, distribution, etc. 2003
300 ## - PHYSICAL DESCRIPTION
Extent 568 صفحة؛
Other physical details إيضاحات ؛
Dimensions 24 سم
520 ## - SUMMARY, ETC.
Summary, etc. البداية والإنطلاق مع المجموعة البرمجية NET وقواعد البيانات- مرجع الطبقة المتصلة لكائنات البيانات ADO.NET- مرجع الطبقة الغير متصلة بكائنات البيانات ADO.NET- التعامل مع قواعد البيانات في بيئة التطوير IDE للمجموعة البرمجية VS.NET - التعامل مع الإستثناءات Exceptions واصطياد الاخطاء البرمجية ومعالجتها Debugging .
653 ## - INDEX TERM--UNCONTROLLED
Uncontrolled term البرمجيات
653 ## - INDEX TERM--UNCONTROLLED
Uncontrolled term الحاسبات الالكترونية
653 ## - INDEX TERM--UNCONTROLLED
Uncontrolled term لغة VB.NET
653 ## - INDEX TERM--UNCONTROLLED
Uncontrolled term معالجة البيانات
942 ## - ADDED ENTRY ELEMENTS (KOHA)
Koha item type كتب
المقتنيات
Withdrawn status Lost status Source of classification or shelving scheme Damaged status Not for loan Home library Current library Date acquired Serial enumeration / chronology Inventory number Total checkouts Full call number Barcode Date last seen Price effective from Koha item type
    Dewey Decimal Classification   Available مكتبة كلية العلوم الإقتصادية والعلوم التجارية وعلوم التسيير مكتبة كلية العلوم الإقتصادية والعلوم التجارية وعلوم التسيير 07/05/2026 الطابق الأرضي أ/1/1708   أ/1708ن1 أ/1/1708 07/05/2026 07/05/2026 كتب

موارد الويب المفتوحة


© University of Algiers 3 All Rights Reserved
|
Implemented by LECHELAH Riad